000 00528nam a22001817a 4500
005 20251108164116.0
008 250721s1986 xx 000 0 ara d
082 1 4 _a340.1/دين
100 1 _aاللورد، ديننج
245 1 0 _aآفاق القانون في المستقبل /
264 1 _aبيروت :
_bدار إبن زيدون،
_c1986.
300 _a472ص
650 1 7 _aالقانون
700 1 _aرياض، هنري
_eترجمة
700 1 _aصفوت، عبد العزيز
942 _2ddc
_cBK
999 _c3838
_d3838